000 01074cam a22003617a 4500
003 CHAP
005 20220817043928.0
008 040303d2003 it a rn 00110 eng d
010 _a88119
011 _a89091
020 _a9251049084
035 _a99640
040 _cCHAP
082 0 4 _a628.1
_bF34 v.25
110 2 _aFAO
245 1 0 _aGroundwater management :
_bthe search for practical approaches
_c/by FAO
260 _aRome :
_bFAO,
_c2003.
300 _a43 p.
410 _aFAO
490 0 _aInformes sobre temas hídricos
_v; 25
590 _aBATCH-UPD
_b10
_c20130110
_lUCH01
_h1656
590 _aBATCH-UPD
_b10
_c20130410
_lUCH01
_h1045
590 _aBATCH-UPD
_b10
_c20130914
_lUCH01
_h1346
590 _aCONVERSION
_b10
_c20130109
_lUCH01
_h1349
650 1 4 _aAgua para irrigacion.
_92430
650 1 4 _aAgua subterranea.
_92456
810 0 _aFAO
830 0 0 _aInformes sobre temas hídricos
_v; 25
_958154
901 _aBK
905 _aAlejandra Carrasco M.
942 _cLIBRO
949 _a628.1 F34 v.25
_bBC
_cFAO
_d33724000914750
_eFAO1
_h104485
_i99640
_sb
999 _c88119
_d88119